000 00428nam a2200181Ia 4500
001 14798
005 20260306164940.0
008 260306t2009||||xx |||||||||||||| ||spa||
041 _aESP
082 _a519.3
_bM86
100 _aMora Escobar, Héctor Manuel
_eAUT
245 0 _aTemas de optimización
260 _c2009
300 _a201 páginas :
_c24 cm.
650 _aGEN
654 _aCMA
942 _cLIB
_dJUS
_fJUS
_2ddc
_n
999 _c14798
_d14798